000 00443nam a2200169 i 4500
001 90735
003 ES-MaACL
005 20250629053019.0
007 t|
008 050124s1935 sp ||||1| spa d
100 1 _aLeón Felipe,
_d1884-1968
_971613
245 1 0 _aAntología /
_cLeón Felipe.
260 _aMadrid :
_bEspasa-Calpe,
_c1935.
300 _a138 p. ;
_c19 cm.
852 _aES-MaACL
_jA-3197
999 _c90735
_d90735